General Knowledge - North America - Statistics

General Stats
  • This quiz has been taken 29 times
    21 since last reset
  • The average score is 4 of 6
Answer Stats
Question Answer % Correct
How many countries are in North America? 23
100%
Is Puerto Rico its own country? No
100%
Where is Guatemala? Central America
50%
Is Nicaragua landlocked? No
50%
Does Belize border Mexico? Yes
50%
Is Haiti a Caribbean island? Yes
0%
No matching quizzes found
Score Distribution
Percent of People with Each Score
Percentile by Number Answered
Your Score History
You have not taken this quiz since the last reset